Word Ladder: Heavy Metal Fan Quiz Stats

Quiz Updated Sep 13, 2014

Also try: Word Ladder: Plus
Challenge
Share
Tweet
Embed
Score 0/16 Timer 02:00
6 Plays Today
Hint 4-Letter Word % Correct
Meat from a pigPORK
94.3%
Sound of a gunshot☐ BANG ☐
94%
The yellow of an eggYOLK
93.7%
TV's 'Curb ___ Enthusiasm'☐ YOUR ☐
90.8%
US President James K.POLK
90.5%
Waterpipe used for smokingBONG
89.8%
Your jobWORK
87.1%
Former Red Sox player Kevin, for shortYOUK
81.1%
Hint 4-Letter Word % Correct
Any rung in this ladderWORD
80.3%
Fill a moving vanLOAD
78.8%
The boss of a serfLORD
77.9%
Alloyed with tin to make solderLEAD
76.2%
Type of honcho☐ HEAD ☐
73.4%
Stern or gloomyDOUR
71%
Vietnamese currencyDONG
70.7%
1990's Nickelodeon cartoonDOUG
66.6%

Today's Daily Dose

You're not logged in!

Compare scores with friends on all Sporcle quizzes.
Sign Up with Email
OR
Log In

You Might Also Like...

Show Comments

Extras

Top Quizzes Today


Score Distribution

Your Account Isn't Verified!

In order to create a playlist on Sporcle, you need to verify the email address you used during registration. Go to your Sporcle Settings to finish the process.